Представление документа в формате MARC21

Поле Инд. ПП Название Значение
Тип записи a
Библиографический уровень b
001 Контрольный номер RU/IS/BASE/204995982
005 Дата корректировки 20220715140322.5
008 Кодируемые данные 20060630
084 a Индекс другой классификации/Индекс ББК 66.01; 60.000.3; 66.094
100 1_ a Автор Макаренко В. П.
q Полное имя Макаренко Виктор Павлович
245 a Заглавие Теория сецессии: посылки, аргументы и следствия
504 a Библиография Библиогр. ссылки. - Примеч.
650 a Основная рубрика политика
a Основная рубрика политическая философия (философия политики)
a Основная рубрика политология
a Основная рубрика социальная философия
a Основная рубрика философия
a Основная рубрика этнополитология
653 a Ключевые слова автономизм
a Ключевые слова аналитическая политическая философия
a Ключевые слова государственный суверенитет
a Ключевые слова коммунитаризм
a Ключевые слова национализм
a Ключевые слова национальная политика (этнополитика)
a Ключевые слова национальные отношения
a Ключевые слова политический реализм
a Ключевые слова сепаратизм
a Ключевые слова сецессия
a Ключевые слова теория справедливой войны
773 t Заглавие источника Вестник Московского университета. Серия 18, Социология и политология
d Дата издания источника 2006
g Прочая информация № 2. - С. 17 - 41
w Контрольный № источника RU/IS/BASE/204039045
901 t Тип документа b